000 00653cab a2200229 4500
001 ABS51282
008 090401t1994 xxu||||| |||| 00| 0 eng d
035 _a(Sirsi) u19575
041 _aeng
100 _aGreeman, A.
245 _aChinese deal
260 _c1994
350 _a0
490 _aNew Builder
_v(225) 5/12 August 1994, 16-18(3)
520 _aLooks at the growth in China`s construction industry, and the links being established between the British and Chinese.
650 _aCHINA
650 _aCONSTRUCTION MARKET
690 _aBUILT ENVIRONMENT
690 _aOVERSEAS-REST OF THE WORLD
942 _n0
948 _c04/03/1997
999 _c13083
_d13083